header

Democracy, revolution, and monarchism in early American literature (Record no. 10189)

MARC details
000 -LEADER
fixed length control field 01642nam a2200373 a 4500
082 04 - DEWEY DECIMAL CLASSIFICATION NUMBER
Classification number 810.9/358
100 1# - MAIN ENTRY--AUTHOR NAME
Personal name Downes, Paul,
245 10 - TITLE STATEMENT
Title Democracy, revolution, and monarchism in early American literature
260 ## - PUBLICATION, DISTRIBUTION, ETC. (IMPRINT)
Place of publication Cambridge, U.K. ;
-- New York :
Name of publisher Cambridge University Press,
Year of publication 2002.
300 ## - PHYSICAL DESCRIPTION
Number of Pages xii, 239 p.
650 #0 - SUBJECT ADDED ENTRY--TOPICAL TERM
Topical Term American literature
Topical Term Politics and literature
Topical Term Revolutionary literature, American
Topical Term Revolutions in literature.
Topical Term Democracy in literature.
Topical Term Monarchy in literature.
856 40 - ELECTRONIC LOCATION AND ACCESS
Uniform Resource Identifier http://site.ebrary.com/lib/rucke/Doc?id=10021399

No items available.

© 2026 Rongo University
Contact us: librarian | system librarian | Rongo university